Quizzes
Events
Quiz Creation
Community
Videos
Private Events
Remove Ads
Sign In
Join for FREE
Feedback
Dark Mode
Quiz Categories
Sports
Geography
Music
Movies
Television
Just For Fun
Miscellaneous
History
Literature
Language
Science
Gaming
Entertainment
Religion
Holiday
For Kids
Quiz Lab
Recent
Popular Today
Quiz Kudos Today
Editor Picks
Curator Picks
Quizzes by...
Day
Popularity
Type
Ratings
Length
Year
Community
Subscriptions
Recent Discussions
Orange Saloon
Badges
Playlists
Quests
Create
Leaderboards
Showdown
Live 5
Trivia Bingo
Activity
Puzzle Library
Sporcle Events
Private Events
Virtual Trivia
Globe League
Become a Host
Pub Owners
SporcleCon
Opinionation
Our Games
Videos
Blog
Mobile Apps
Partnerships
Remove Ads and Go Orange
Feedback
Literature
Harry Potter
A Song of Ice and Fire
The Hunger Games
Literary Character
Shakespeare
Book
Author
Novel
Poem
Young Adult
Children's Books
Play
Lord of the Rings
Literature
Harry Potter
A Song of Ice and Fire
The Hunger Games
Literary Character
Shakespeare
Book
Author
Novel
Poem
Young Adult
Children's Books
Play
Lord of the Rings
Random Quiz
Search Sporcle
×
Quiz Lab
Quiz Lab
Literature
Numbers
Type in answers that appear in a list
Type in answers that appear in a list
Classic
Best Score? Go Orange.
Daughters of the Moon series Stats
Can you name the Daughters of the Moon books?
By
christinaxcsi
3m
13 Questions
27 Plays
27 Plays
27 Plays
Comments
Comments
Give Quiz Kudos
Give Quiz Kudos
-
- Ratings
hide this ad
Replay
Link that replays current quiz
Next Quiz
Link to next quiz in quiz playlist
You Got
0%
They Got
Avg Score
54%
Avg Friend Score
Upgrade to see
Score Distribution
Jump to the score distribution portion of the page
Score
0/13
Timer
03:00
0
Plays Today
Number
Title
% Correct
2
Into The Cold Fire
88.9%
4
Secret Scroll
74.1%
1
Goddess of the Night
63%
6
The Lost One
59.3%
3
Night Shade
55.6%
12
The Becoming
55.6%
7
Moon Demon
48.1%
5
The Sacrifice
48.1%
13
The Final Eclipse
48.1%
8
Possession
44.4%
9
The Choice
44.4%
10
The Talisman
40.7%
11
The Prophecy
40.7%
Quiz Playlist
Details
Report
Send in Message
Add To Playlist
Classic:
Type in answers that appear in a list
Last Updated: Feb 16, 2017
Quiz Scoreboard
CHALLENGE
Sign Up to Join the Scoreboard
Show All
Scores
Hide
Comments
May contain spoilers
Recently Published
Decade Duel: World Leaders
by jenniferyan
History
4m
Alphabetical 'K' Countries by Flag Minefield
by ylime102
Geography
3m
Pick 6: Fruits
by JohnFran
Miscellaneous
15s
More to Explore
Quiz From the Vault
Featured Blog Post
15 Basketball Trivia Facts You Can Be March Mad About
hide this ad
You Might Also Like...
Tags
Book Quiz
Numbers Quiz
Daughter
Moon
Today's Top Quizzes in Literature
Browse Literature
hide this ad
Today's Top Quizzes in Numbers
Browse Numbers
Top Contributed Quizzes in Literature
1
Criteria Quiz: Harry Potter Gryffindors
2
Criteria Quiz: Harry Potter Deaths
3
Season Plays
4
Pick 3: Harry Potter Hogwarts Quidditch Players
5
Harry Potter Characters: Logic Puzzle
6
Word Ladder: King's 'The Stand'
7
Harry Potter logic puzzle: Triwizard Tournament
8
Spring Reading List
9
Hogwarts Midnight Escape
10
Sirius Black vs Dementors: Logic Puzzle
Explore More
Trending Topics
Kpop
Disney
Harry Potter
Marvel
Anime
Crossword
NBA
The Office
Puzzle
Soccer
Country
NFL
Song
WWE
Pokémon
hide this ad
More By:
christinaxcsi
Quiz
Plays
Rating
Category
Featured
Created
Missing Word: Aerosmith
36,052
4.04
Just For Fun
Jan 31, 2011
Pirates of the Caribbean Quotes
1,446
3.50
Movies
Mar 5, 2011
Name the Aerosmith song by lyric
888
3.33
Music
Mar 5, 2011
Name the Lyrics to this Aerosmith song 2
771
4.25
Music
Feb 3, 2011
Fill In The Blank: Selena Gomez songs
665
5.00
Music
Aug 10, 2011
Go to Creator's Profile
Score Distribution
Quiz Creator Spotlight
christinaxcsi
Follow
Send a Message
Quizzes Created
-
Created Quiz Play Count
-
More By This Creator
Popular Quizzes Today
1
Countries of Asia Without Outlines Minefield
2
Find the US States - No Outlines Minefield
3
Pick 6: Fruits
4
The Countries of the World
5
Alphabetical 'K' Countries by Flag Minefield
6
Find the Countries of Europe - No Outlines Minefield
7
US States
8
Find the US States
More Literature Quizzes
Mis-Matched Literature
Published
Trending Quizzes
Pick 6: Mountains
Pick 6: Harry Potter
Pick 6: Flags
Pick 6: NFL Teams
Pick 6: Movie Franchises
Recently Updated
Adaptations: Name the Title
pecheneg
NWSL Teams
pecheneg
Women's Final Four Teams by Year
bhenderson79
Presidents Quartet II
eogle
Anything But Clue(do)
eogle
Anything But Oceanian Capitals
eogle
Anything But 7
eogle
Anything But Thing
eogle
Word Ladder: February 29
pecheneg
Song Title Questions
pecheneg
Trending Topics
Harry Potter
Anime
Marvel
Disney
NBA
Crossword
Kpop
The Office
Soccer
Song
Puzzle
NFL
WWE
Pokémon
Country
Your Account Isn't Verified!
In order to create a playlist on Sporcle, you need to verify the email address you used during registration. Go to your
Sporcle Settings
to finish the process.
Report this User
Report this user for behavior that violates our
Community Guidelines
.
Details:
Send Report
Go to the Sporcle.com Mobile Site →
Comments